书目信息 |
| 题名: |
大屏幕彩色电视机电路分析与维修
|
|
| 作者: | 沈兵 , 吴耕 编著 | |
| 分册: | ||
| 出版信息: | 上海 上海科学普及出版社 2000.03 |
|
| 页数: | 369页 | |
| 开本: | 16开 | |
| 丛书名: | ||
| 单 册: | ||
| 中图分类: | TN949.16 | |
| 科图分类: | ||
| 主题词: | 电视--各种体制 | |
| 电子资源: | ||
| ISBN: | 7-5427-1572-0 | |
| 000 | 00644nam0 2200205 45 | |
| 001 | 0103071433 | |
| 005 | 20010307144537.2 | |
| 010 | @a7-5427-1572-0@d33.00元 | |
| 100 | @a20010307d2000 km y0chiy0120 ea | |
| 101 | 0 | @achi |
| 105 | @a z 000yy | |
| 200 | 1 | @a大屏幕彩色电视机电路分析与维修@ADa Ping Mu Cai Se Dian Shi Ji Dian Lu Fen Xi Yu Wei Xiu@f沈兵,吴耕编著@FShen Bing,Wu Geng Bian Zhu |
| 210 | @a上海@c上海科学普及出版社@d2000.03 | |
| 215 | @a369页@d16开 | |
| 606 | 0 | @a电视@x各种体制 |
| 690 | @aTN949.16@v3 | |
| 701 | 0 | @a沈兵@4编著 |
| 701 | 0 | @a吴耕@4编著 |
| 801 | @aCN@bPftUser@c20010307 | |
| 905 | @b327312-313@dTN949.16@eSH.521@f2 | |
| 大屏幕彩色电视机电路分析与维修/沈兵,吴耕编著.-上海:上海科学普及出版社,2000.03 |
| 369页;16开 |
| ISBN 7-5427-1572-0:33.00元 |
| ● |
| 相关链接 |
|
|
|
正题名:大屏幕彩色电视机电路分析与维修
索取号:TN949.16/SH.521
 
预约/预借
| 序号 | 登录号 | 条形码 | 馆藏地/架位号 | 状态 | 备注 |
| 1 | 327312 | 203273126 | 自科库301/301自科库 100排7列6层/ [索取号:TN949.16/SH.521] | 在馆 | |
| 2 | 327313 | 203273135 | 自科库301/301自科库 100排7列6层/ [索取号:TN949.16/SH.521] | 在馆 |